Cómo vivir sano (Registro nro. 12925)
[ vista simple ]
| 000 -CABECERA | |
|---|---|
| Longitud fija campo de control | 00967nam a22002297a 4500 |
| 003 - IDENTIFICADOR DELl NÚMERO DE CONTROL | |
| Identificador del número de control | OSt |
| 005 - FECHA Y HORA DE LA ÚLTIMA TRANSACCIÓN | |
| Fecha y hora de la última transacción | 20140812160358.0 |
| 008 - CÓDIGOS DE INFORMACIÓN DE LONGITUD FIJA | |
| Códigos de información de longitud fija | 140809b xxu||||| |||| 00| 0 eng d |
| 040 ## - FUENTE DE LA CATALOGACIÓN | |
| Centro transcriptor | BMC |
| 082 ## - NÚMERO DE LA CLASIFICACIÓN DECIMAL DEWEY | |
| Númeroo de clasificación | 613.2 |
| 082 ## - NÚMERO DE LA CLASIFICACIÓN DECIMAL DEWEY | |
| Númeroo de clasificación | 633.88 |
| 245 00 - MENCIÓN DE TÍTULO | |
| Título | Cómo vivir sano |
| Mención de responsabilidad, etc. | publicado por la Asociación Interamericana de Biocultura ; asesor médico, Iván A. Sabev |
| 250 ## - MENCIÓN DE EDICIÓN | |
| Mención de edición | 1ª ed., 11ª reimp |
| 260 ## - PUBLICACIÓN, DISTRIBUCIÓN, ETC. (PIE DE IMPRENTA) | |
| Lugar de publicación, distribución, etc. | Buenos Aires |
| Nombre del editor, distribuidor, etc. | Reformation Herald Publishing Association |
| Fecha de publicación, distribución, etc. | 1993 |
| 300 ## - DESCRIPCIÓN FÍSICA | |
| Extensión | 2 v. |
| Otras características físicas | il. col |
| Dimensiones | 24 cm |
| 505 ## - NOTA DE CONTENIDO CON FORMATO | |
| Nota de contenido con formato | Contiene: t. 1: Manual de orientación sobre reglas y métodos de vida sana, que se basan en los principios de las leyes naturales.- t. 2: Manual de higiene y autoterapia indispensable para los hogares, métodos de curación natural de las enfermedades |
| 650 24 - PUNTO DE ACCESO ADICIONAL DE MATERIA - TÉRMINO DE MATERIA | |
| 9 (RLIN) | 23508 |
| Término de materia o nombre geográfico como elemento inicial | Dietética |
| 650 24 - PUNTO DE ACCESO ADICIONAL DE MATERIA - TÉRMINO DE MATERIA | |
| 9 (RLIN) | 9330 |
| Término de materia o nombre geográfico como elemento inicial | Plantas medicinales |
| 700 1# - PUNTO DE ACCESO ADICIONAL - NOMBRE DE PERSONA | |
| 9 (RLIN) | 23660 |
| Nombre de persona | Sabev, Iván A. |
| 710 1# - PUNTO DE ACCESO ADICIONAL - NOMBRE DE ENTIDAD | |
| 9 (RLIN) | 23661 |
| Nombre de entidad o nombre de jurisdicción como elemento inicial | Asociación Interamericana de Biocultura |
| 942 ## - ENTRADA DE ELEMENTOS AGREGADOS (KOHA) | |
| Fuente de clasificaión o esquema | Dewey Decimal Classification |
| Koha [por defecto] tipo de item | 1- Monografias |
| Suprimido | Perdido | Fuente de clasificación o esquema | Estropeado | Restricciones de uso | No para préstamo | Código de colección | Localización permanente | Localización actual | Localización en estanter&íacute;as | Fecha adquisición | Fuente de adquisición | Número de inventario | Préstamos totales | Signatura completa | Código de barras | Fecha última consulta | Fecha último préstamo | Coste, precio reemplazado | Fecha del precio de reemplazo | Tipo de item de Koha | Renovaciones totales |
|---|---|---|---|---|---|---|---|---|---|---|---|---|---|---|---|---|---|---|---|---|---|
| NULL | NULL | Dewey Decimal Classification | NULL | Prestable | NULL | NULL | Biblioteca Miguel de Cervantes - UNICAES | Biblioteca Miguel de Cervantes - UNICAES | Sala Principal | 09/08/2014 | Donación - Facultad de Ingenieria y Arquitectura | 020310 | 4 | 613.2 COM (v. 1) | 1020666 | 06/02/2019 | 04/02/2019 | 30.00 | 09/08/2014 | 1- Monografias | |
| NULL | NULL | Dewey Decimal Classification | NULL | Prestable | NULL | NULL | Biblioteca Miguel de Cervantes - UNICAES | Biblioteca Miguel de Cervantes - UNICAES | Sala Principal | 09/08/2014 | Donación - Facultad de Ingenieria y Arquitectura | 020311 | 6 | 613.2 COM (v. 1) | 1020667 | 09/12/2020 | 10/11/2020 | 30.00 | 09/08/2014 | 1- Monografias | 2 |
| NULL | NULL | Dewey Decimal Classification | NULL | Prestable | NULL | NULL | Biblioteca Miguel de Cervantes - UNICAES | Biblioteca Miguel de Cervantes - UNICAES | Sala Principal | 09/08/2014 | Donación - Facultad de Ingenieria y Arquitectura | 020312 | 1 | 613.2 COM (v. 2) | 1020668 | 07/01/2017 | 06/01/2017 | 30.00 | 09/08/2014 | 1- Monografias | |
| NULL | NULL | Dewey Decimal Classification | NULL | Prestable | NULL | NULL | Biblioteca Miguel de Cervantes - UNICAES | Biblioteca Miguel de Cervantes - UNICAES | Sala Principal | 09/08/2014 | Donación - Facultad de Ingenieria y Arquitectura | 020313 | 2 | 613.2 COM (v. 2) | 1020669 | 08/04/2016 | 08/04/2016 | 30.00 | 09/08/2014 | 1- Monografias |